=LDR 00000nam 2200000 4500 =001 INLIS000000000038336 =005 20130612144016 =008 ***********************************Ind** =035 ##$$0010-061300000038336 =041 ##$$a Ind =082 ##$$a 641.5 =090 ##$$a 641.5, Sut h =100 ##$$a Sutomo, Budi =245 ##$$a Hidangan favorit ikan, Budi Sutomo; Penyunting, Yuni Harlinawati =260 ##$$a 21 cm $b 40 hlm =650 ##$$a Masakan, Resep =850 ##$$a NBPNMAT =990 ##$$a 0001/BPAP-NTB/20142015